[Event "Landesliga U20 Nord 1718"]
[Site "Bayern"]
[Date "2017.11.18"]
[Round "1.2"]
[White "Homi, Joseph"]
[Black "Berntgen, Henri"]
[Result "1/2-1/2"]
[WhiteElo "1975"]
[BlackElo "1753"]
[PlyCount "84"]
[EventDate "2017.11.18"]
[EventType "team-tourn"]
[EventRounds "7"]
[EventCountry "GER"]
[SourceTitle "EXT 2022"]
[Source "ChessBase"]
[SourceDate "2021.10.06"]
[SourceVersion "1"]
[SourceVersionDate "2021.10.06"]
[SourceQuality "1"]
[WhiteTeam "Fuerth SG U20"]
[BlackTeam "Nuernberg Sued SW U20"]
[WhiteTeamCountry "GER"]
[BlackTeamCountry "GER"]

1. e4 a6 2. d4 b5 3. Bd3 e6 4. c3 Bb7 5. Qe2 c5 6. Nf3 Nf6 7. Bg5 h6 8. Bxf6 Qxf6 9. e5 Qd8 10. Nbd2 d6 11. 0-0 Nd7 12. exd6 Bxd6 13. Ne4 Qc7 14. Nxd6+ Qxd6 15. Be4 Bxe4 16. Qxe4 0-0 17. Rad1 Nf6 18. Qh4 Rfd8 19. Rd2 cxd4 20. Rxd4 Qc7 21. Rfd1 Rxd4 22. Qxd4 Nd5 23. Ne5 Rc8 24. Rd2 f6 25. Nd3 Qc4 26. Nc1 Qxd4 27. Rxd4 Kf7 28. Kf1 Rd8 29. a4 e5 30. Rd3 Ke6 31. axb5 axb5 32. Nb3 Rc8 33. Rd1 b4 34. cxb4 Nxb4 35. Ke2 Nd5 36. g3 f5 37. Kd2 Rb8 38. Kc2 e4 39. Nd4+ Kf6 40. Nc6 Rb5 41. Nd4 Rb6 42. Rd2 Nb4+ 1/2-1/2

[Event "Mittelfranken-chTB2a 1718"]
[Site "Mittelfranken"]
[Date "2017.10.08"]
[Round "1.4"]
[White "Homi, Joseph"]
[Black "Roeschinger, Udo"]
[Result "1-0"]
[WhiteElo "1975"]
[BlackElo "1846"]
[PlyCount "43"]
[EventDate "2017.10.08"]
[EventType "team-tourn"]
[EventRounds "9"]
[EventCountry "GER"]
[SourceTitle "EXT 2022"]
[Source "ChessBase"]
[SourceDate "2021.10.06"]
[SourceVersion "1"]
[SourceVersionDate "2021.10.06"]
[SourceQuality "1"]
[WhiteTeam "Fuerth SG"]
[BlackTeam "Heilsbronn"]
[WhiteTeamCountry "GER"]
[BlackTeamCountry "GER"]

1. e4 c6 2. d4 d6 3. Nc3 Qc7 4. f4 g6 5. Nf3 Bg7 6. Bc4 b5 7. Bb3 e6 8. e5 d5 9. Ne2 Nd7 10. c3 Ne7 11. 0-0 Nb6 12. Bc2 Bb7 13. g4 Rc8 14. Ng3 a6 15. f5 gxf5 16. gxf5 exf5 17. Nxf5 Nxf5 18. Bxf5 h6 19. e6 f6 20. Nh4 h5 21. Bf4 Qd8 22. e7 1-0

[Event "Nuremberg Zabo op 19th"]
[Site "Nuremberg"]
[Date "2017.09.17"]
[Round "5"]
[White "Homi, Joseph"]
[Black "Glawe, Ralf"]
[Result "0-1"]
[WhiteElo "1889"]
[BlackElo "2040"]
[PlyCount "74"]
[EventDate "2017.09.15"]
[EventType "swiss"]
[EventRounds "5"]
[EventCountry "GER"]
[SourceTitle "EXT 2022"]
[Source "ChessBase"]
[SourceDate "2021.10.06"]
[SourceVersion "1"]
[SourceVersionDate "2021.10.06"]
[SourceQuality "1"]

1. e4 c5 2. Nf3 e6 3. c4 Nc6 4. d4 cxd4 5. Nxd4 Nf6 6. Nc3 Bb4 7. Nxc6 bxc6 8. Bd3 e5 9. 0-0 d6 10. Qe2 Bc5 11. h3 0-0 12. Kh1 Bb7 13. f4 Bd4 14. Qf3 Nd7 15. Ne2 Qe7 16. g4 c5 17. Nc3 Bxc3 18. bxc3 f5 19. g5 Rae8 20. Qg2 Ba8 21. Kh2 exf4 22. Bxf4 fxe4 23. Bc2 Ne5 24. Rad1 Nf3+ 25. Kg3 Rxf4 26. Kxf4 Qe5+ 27. Ke3 Qxc3+ 28. Kf4 Rf8+ 29. Kg4 Qe3 30. Rxf3 exf3 31. Qd2 Qe6+ 32. Kg3 Qe5+ 33. Kg4 Qe6+ 34. Kg3 Qe5+ 35. Kg4 Bb7 36. Qxd6 Bc8+ 37. Kh5 Qxd6 0-1

[Event "Nuremberg Zabo op 19th"]
[Site "Nuremberg"]
[Date "2017.09.17"]
[Round "4"]
[White "Laber, Johnatan"]
[Black "Homi, Joseph"]
[Result "0-1"]
[WhiteElo "1576"]
[BlackElo "1889"]
[PlyCount "140"]
[EventDate "2017.09.15"]
[EventType "swiss"]
[EventRounds "5"]
[EventCountry "GER"]
[SourceTitle "EXT 2022"]
[Source "ChessBase"]
[SourceDate "2021.10.06"]
[SourceVersion "1"]
[SourceVersionDate "2021.10.06"]
[SourceQuality "1"]

1. d4 d5 2. Nf3 c5 3. c4 dxc4 4. e4 Bg4 5. Qa4+ Qd7 6. Qxd7+ Nxd7 7. d5 Ngf6 8. Nc3 a6 9. Bxc4 b5 10. Bd3 b4 11. Na4 e6 12. dxe6 Bxe6 13. e5 Ng4 14. Bf4 Bd5 15. Be2 Bc6 16. b3 Bxa4 17. bxa4 f6 18. e6 Nb6 19. a5 Nd5 20. Bg3 Nc3 21. Bc4 Be7 22. h3 Nh6 23. 0-0 Nf5 24. Bc7 Bd8 25. Bb6 Bxb6 26. axb6 Nd6 27. Bd3 a5 28. Nd2 Rb8 29. Nc4 Nxc4 30. Bxc4 Rxb6 31. Rac1 Ke7 32. a3 Rd8 33. Rfe1 Rd4 34. axb4 cxb4 35. Bb3 a4 36. Bxa4 Rxe6 37. Rxe6+ Kxe6 38. Bb3+ Kd6 39. Ra1 Nb5 40. Ra6+ Kc5 41. Ra5 Kb6 42. Ra8 Rd7 43. Ba4 Rb7 44. Rc8 Nd4 45. Rc4 Ka5 46. Bd1 Rd7 47. Rc8 b3 48. Ra8+ Kb4 49. Rb8+ Kc3 50. Rc8+ Kd3 51. Rb8 Kc3 52. Rc8+ Kd2 53. Bxb3 Nxb3 54. Re8 Nd4 55. Re4 f5 56. Rh4 g5 57. Rh5 Ne2+ 58. Kh2 Rg7 59. Rh6 Ke1 60. f3 Kf2 61. Ra6 f4 62. Ra2 Rb7 63. Ra5 Rb1 64. Ra2 Ke3 65. Ra3+ Kd4 66. Ra4+ Ke5 67. Ra5+ Kf6 68. Ra6+ Kg7 69. Ra5 Kh6 70. h4 Ng3 0-1

[Event "Nuremberg Zabo op 19th"]
[Site "Nuremberg"]
[Date "2017.09.16"]
[Round "3"]
[White "Homi, Joseph"]
[Black "Albayrak, Aylin"]
[Result "1-0"]
[WhiteElo "1889"]
[BlackElo "1613"]
[PlyCount "69"]
[EventDate "2017.09.15"]
[EventType "swiss"]
[EventRounds "5"]
[EventCountry "GER"]
[SourceTitle "EXT 2022"]
[Source "ChessBase"]
[SourceDate "2021.10.06"]
[SourceVersion "1"]
[SourceVersionDate "2021.10.06"]
[SourceQuality "1"]

1. e4 e5 2. Qh5 d6 3. Bc4 Qe7 4. Nc3 g6 5. Qf3 Nf6 6. h3 Bh6 7. Nge2 Be6 8. Bb3 Nc6 9. Nd5 Bxd5 10. exd5 e4 11. Qc3 Nd8 12. Ba4+ Kf8 13. b4 Rg8 14. Qb3 a6 15. c4 Rb8 16. b5 axb5 17. Bxb5 b6 18. Nd4 Qe5 19. Bb2 Qg5 20. 0-0 Nh5 21. Ne2 Nb7 22. f4 Qh4 23. g4 Nc5 24. Qe3 Nd3 25. Bd4 f5 26. gxh5 gxh5+ 27. Kh2 Ke7 28. c5 Nxf4 29. Nxf4 Rg4 30. cxd6+ cxd6 31. Qc3 Bxf4+ 32. Rxf4 Rg2+ 33. Kxg2 Rg8+ 34. Bg7 Qg5+ 35. Rg4 1-0

[Event "Forchheim op-B 15th"]
[Site "Forchheim"]
[Date "2016.10.03"]
[Round "5"]
[White "Walter, Stefan2222"]
[Black "Homi, Joseph"]
[Result "0-1"]
[WhiteElo "1934"]
[BlackElo "1787"]
[PlyCount "75"]
[EventDate "2016.10.01"]
[EventType "swiss"]
[EventRounds "5"]
[EventCountry "GER"]
[SourceTitle "EXT 2019"]
[Source "ChessBase"]
[SourceDate "2018.10.10"]
[SourceVersion "1"]
[SourceVersionDate "2018.10.10"]
[SourceQuality "1"]

1. e4 c6 2. d4 d5 3. e5 Bf5 4. Nf3 e6 5. Be2 c5 6. Be3 Qb6 7. Nc3 c4 8. Qc1 Nc6 9. a3 Bg4 10. 0-0 Nge7 11. Nh4 Bxe2 12. Nxe2 Ng6 13. Nf3 Be7 14. g3 a5 15. a4 0-0 16. h4 h5 17. Ng5 Bxg5 18. hxg5 Nge7 19. c3 g6 20. Kg2 Kg7 21. Rh1 Rh8 22. Qc2 Nf5 23. Rh2 Nxe3+ 24. fxe3 Qd8 25. Rf1 Qxg5 26. Rf4 Ne7 27. Kf2 Nf5 28. Qc1 Qe7 29. Qg1 Nh6 30. Ke1 Qd7 31. Qf1 Nf5 32. Qf3 g5 33. Rxf5 exf5 34. Rxh5 Kg6 35. Rxh8 Rxh8 36. g4 Qe6 37. gxf5+ Qxf5 38. Qxf5+ 0-1

[Event "Forchheim op-B 15th"]
[Site "Forchheim"]
[Date "2016.10.01"]
[Round "2"]
[White "Homi, Joseph"]
[Black "Schmitz, Tim"]
[Result "1/2-1/2"]
[WhiteElo "1787"]
[BlackElo "1808"]
[PlyCount "42"]
[EventDate "2016.10.01"]
[EventType "swiss"]
[EventRounds "5"]
[EventCountry "GER"]
[SourceTitle "EXT 2019"]
[Source "ChessBase"]
[SourceDate "2018.10.10"]
[SourceVersion "1"]
[SourceVersionDate "2018.10.10"]
[SourceQuality "1"]

1. e4 c5 2. Nf3 d6 3. d4 cxd4 4. Nxd4 Nf6 5. f3 a6 6. c4 g6 7. Nc3 Bg7 8. Be2 Nc6 9. Nxc6 bxc6 10. Be3 Be6 11. Qd2 0-0 12. 0-0 Rb8 13. Rac1 Qc8 14. Rfd1 Rd8 15. b3 Qb7 16. Qc2 Rbc8 17. Na4 c5 18. e5 Ne8 19. exd6 exd6 20. Rd2 Qe7 21. Bf4 Bd4+ 1/2-1/2

[Event "Pyramiden Franken Cup"]
[Site "Fuerth"]
[Date "2016.09.04"]
[Round "6"]
[White "Homi, Joseph"]
[Black "Hoffmann, Sebastian"]
[Result "1/2-1/2"]
[WhiteElo "1787"]
[BlackElo "2003"]
[PlyCount "80"]
[EventDate "2016.09.01"]
[EventType "swiss"]
[EventRounds "7"]
[EventCountry "GER"]
[SourceTitle "CBM 174 Extra"]
[Source "ChessBase"]
[SourceDate "2016.10.10"]
[SourceVersion "1"]
[SourceVersionDate "2016.10.10"]
[SourceQuality "1"]

1. e4 Nc6 2. Nf3 e6 3. d4 d5 4. e5 f6 5. Be3 fxe5 6. dxe5 Nge7 7. Bd3 g6 8. c3 Bg7 9. Bd4 0-0 10. 0-0 b6 11. Qe2 Nxd4 12. cxd4 c5 13. Nc3 Nc6 14. dxc5 bxc5 15. Rae1 Rb8 16. b3 Bb7 17. Nb5 Kh8 18. Nd6 Nxe5 19. Nxb7 Nxf3+ 20. gxf3 Rxb7 21. Qxe6 Rxf3 22. Qe8+ Rf8 23. Qxd8 Rxd8 24. Re6 Bc3 25. Rc1 d4 26. Rc6 Rd5 27. Rc2 Re7 28. Kg2 a5 29. Kf3 Bb4 30. h3 Ree5 31. Rc8+ Kg7 32. Rc7+ Kh6 33. Kg2 Re1 34. Kf3 Rh1 35. Kg2 Rd1 36. Be2 d3 37. Bxd1 dxc2 38. Bxc2 Rd2 39. Be4 Rxa2 40. Bd5 a4 1/2-1/2

[Event "Nuremberg Zabo op 16th"]
[Site "Nuremberg"]
[Date "2014.09.20"]
[Round "3"]
[White "Homi, Joseph"]
[Black "Geppert, Franz"]
[Result "0-1"]
[WhiteElo "1150"]
[BlackElo "1461"]
[PlyCount "54"]
[EventDate "2014.09.19"]
[EventType "swiss"]
[EventRounds "5"]
[EventCountry "GER"]
[SourceTitle "EXT 2018"]
[Source "ChessBase"]
[SourceDate "2017.10.13"]
[SourceVersion "1"]
[SourceVersionDate "2017.10.13"]
[SourceQuality "1"]

1. d4 c6 2. c4 d6 3. Nc3 Qc7 4. e4 g6 5. Nf3 Bg7 6. Be3 e5 7. d5 f5 8. Bd3 Nf6 9. Nd2 f4 10. Bxf4 exf4 11. 0-0 0-0 12. Nf3 a6 13. Qd2 Nfd7 14. Rfe1 Ne5 15. Nxe5 Bxe5 16. Rac1 Bg4 17. f3 Bh5 18. g4 fxg3 19. hxg3 Bxg3 20. Re2 Bxf3 21. Re3 Bf4 22. Rf1 Bxe3+ 23. Qxe3 Bh5 24. e5 Rxf1+ 25. Bxf1 dxe5 26. Ne4 Nd7 27. Ng3 Qb6 0-1

[Event "Nuremberg Zabo op 16th"]
[Site "Nuremberg"]
[Date "2014.09.20"]
[Round "2"]
[White "Mantel, Hans"]
[Black "Homi, Joseph"]
[Result "1-0"]
[WhiteElo "1603"]
[BlackElo "1150"]
[PlyCount "55"]
[EventDate "2014.09.19"]
[EventType "swiss"]
[EventRounds "5"]
[EventCountry "GER"]
[SourceTitle "EXT 2018"]
[Source "ChessBase"]
[SourceDate "2017.10.13"]
[SourceVersion "1"]
[SourceVersionDate "2017.10.13"]
[SourceQuality "1"]

1. e4 e5 2. Nf3 Nc6 3. Bc4 Bc5 4. c3 Nf6 5. d4 exd4 6. cxd4 Bb4+ 7. Bd2 Nxe4 8. Bxb4 Nxb4 9. Qb3 Qe7 10. Ne5 0-0 11. 0-0 Nc6 12. Nxc6 bxc6 13. Re1 d5 14. Bd3 Re8 15. f3 Qh4 16. g3 Qf6 17. fxe4 Qxd4+ 18. Kg2 dxe4 19. Bc4 Be6 20. Bxe6 Rxe6 21. Qc3 Qxc3 22. Nxc3 f5 23. Re2 Rd8 24. Rf1 g6 25. h3 Red6 26. Rff2 Kg7 27. g4 Kf6 28. Nxe4+ 1-0

[Event "Nuremberg Zabo op 15th"]
[Site "Nuremberg"]
[Date "2013.09.22"]
[Round "4"]
[White "Ott, Juan Luis"]
[Black "Homi, Joseph"]
[Result "0-1"]
[WhiteElo "1415"]
[BlackElo "815"]
[PlyCount "126"]
[EventDate "2013.09.20"]
[EventType "swiss"]
[EventRounds "5"]
[EventCountry "GER"]
[SourceTitle "EXT 2016"]
[Source "ChessBase"]
[SourceDate "2015.10.08"]
[SourceVersion "1"]
[SourceVersionDate "2015.10.08"]
[SourceQuality "1"]

1. d4 d5 2. Nf3 Nc6 3. Nc3 Nf6 4. Bg5 e6 5. e3 h6 6. Bh4 Be7 7. Bb5 Bd7 8. 0-0 0-0 9. a3 a6 10. Ba4 b5 11. Bb3 Nh5 12. Bxe7 Nxe7 13. Ne5 Nf6 14. Ne2 Nc6 15. Nxd7 Qxd7 16. c3 Na5 17. Bc2 Nc4 18. Rb1 Qd6 19. Ng3 e5 20. dxe5 Qxe5 21. Re1 Qd6 22. Qd3 Ne5 23. Qd1 c6 24. h3 a5 25. f4 Ned7 26. Ne4 Nxe4 27. Bxe4 Qc5 28. Bc2 b4 29. Qd3 Nf6 30. Qd4 Qxd4 31. exd4 Rfe8 32. Ba4 Rxe1+ 33. Rxe1 Rc8 34. Re7 Nh5 35. f5 Ng3 36. Ra7 bxc3 37. bxc3 Ne2+ 38. Kf2 Nxc3 39. Bc2 c5 40. Rxa5 cxd4 41. Kf3 Re8 42. Kf4 Re2 43. Ra8+ Kh7 44. f6+ g6 45. Bd3 Rf2+ 46. Ke5 Rxg2 47. Kxd4 Ne2+ 48. Bxe2 Rxe2 49. Kxd5 Rh2 50. Kd6 Rxh3 51. Ke7 g5 52. Kxf7 g4 53. a4 g3 54. Rg8 h5 55. Kf8 h4 56. Rg7+ Kh8 57. f7 Rh2 58. Rxg3 hxg3 59. Ke7 Rf2 60. f8Q+ Rxf8 61. Kxf8 g2 62. a5 g1Q 63. a6 Qa7 0-1

[Event "Nuremberg Zabo op 15th"]
[Site "Nuremberg"]
[Date "2013.09.21"]
[Round "3"]
[White "Homi, Joseph"]
[Black "Tschammer, Kai"]
[Result "0-1"]
[WhiteElo "815"]
[BlackElo "1472"]
[PlyCount "36"]
[EventDate "2013.09.20"]
[EventType "swiss"]
[EventRounds "5"]
[EventCountry "GER"]
[SourceTitle "EXT 2016"]
[Source "ChessBase"]
[SourceDate "2015.10.08"]
[SourceVersion "1"]
[SourceVersionDate "2015.10.08"]
[SourceQuality "1"]

1. e4 e5 2. Nf3 Nc6 3. Nc3 Nf6 4. Be2 Bc5 5. 0-0 0-0 6. Nxe5 Nxe5 7. d4 Bxd4 8. Qxd4 d6 9. Qe3 Re8 10. Qg3 Ng6 11. Bg5 c6 12. Bh5 Nxh5 13. Qe3 f6 14. Qf3 fxg5 15. Qxh5 g4 16. g3 Re5 17. Qxe5 Nxe5 18. f4 gxf3 0-1